| 000 | 00565nam a22001937a 4500 | ||
|---|---|---|---|
| 999 |
_c174468 _d174468 |
||
| 005 | 20200617162401.0 | ||
| 010 | _aENG-128206 | ||
| 020 | _c150.00 | ||
| 035 | _aEN-111738 | ||
| 037 | _bDBAD/PUB | ||
| 082 | _a150.00 | ||
| 100 | _aPatel,Mohanlal | ||
| 245 |
_aChhaganbha/ _ba pole star of wisdom: _cby Mohanlal Patel;transleted by Nila Shah |
||
| 260 |
_akadi _bSarva vidyalaya kelavani Mandal _c2015 |
||
| 270 |
_aVallabhbhai M.Patel _bKadi _e382715 |
||
| 300 |
_a151p. _c23cm(hb) |
||
| 700 | _aShah,Nila | ||
| 942 |
_2ddc _cEN _h361.24092 _mPAT |
||